000 01789nam a2200301 i 4500
001 183973
003 ES-MaACL
005 20260130133739.0
008 150121s1911 fr |||| | fre d
080 _a276(62)(09)
245 0 0 _aPatrologia Orientalis.
_nTomus septimus /
_c[publié par] S.A.R le prince Max de Saxe, R. Graffin, F. Nau.
260 _aParis :
_bFirmin-Didot et Cie,
_c1911.
300 _a802 p. ;
_c28 cm.
505 8 _aContiene: Traités d'Isaï le docteur et de Hanna d'Adiabène sur les martyrs, le Vendredi d'or et les Rogations, suivis de la confession de foi à réciter par les évêques avant l'ordination / textes syriaques publiés et traduits par Addaï Scher,.... - Histoire nestorienne (Chronique de Séert) / publiée et traduite par Mgr Addaï Scher,.... - Le synaxaire éthiopien : les mois de Sanê, Hamlê et Nahasê / publiés et traduits par Ignazio Guidi. - Histoire universelle / écrite par Agapius (Mahboub) de Menbidj, éditée et traduite en français par Alexandre Vasiliev,.... - The hymns of Severus of antioch and others / James of Edessa, syriac version edited and translated by E. W. Brooks
650 _aPatrística.
_915895
650 0 7 _aLiteratura cristiana primitiva
_2embne
_914529
700 1 _aMahbub ibn Qustantin.
_9156180
700 1 _aJacques d'Édesse (
_d0633-0708)
_9156177
700 1 _aVasiliev, Aleksandr Aleksandrovitch (
_d1867-1953)
_9156181
700 1 _aScher, Addai,
_d1867-1916
_9156170
700 1 _aGuidi, Ignazio (
_d1844-1935)
_9156161
700 1 _aBrooks, Ernest Walter,
_d1863-1955
_9156178
700 1 _aSachsen, Max von,
_d1870-1951
_9156175
700 1 _aGraffin, René,
_d1858-1941
_9156163
700 1 _aNau, François.
_985006
852 _aES-MaACL
_jG-696
999 _c183973
_d183973